[Event "Kharkov Caissa CC-ch"]
[Site "Kharkov"]
[Date "2001.04.20"]
[Round "3"]
[White "Iljin, Stanislav"]
[Black "Jadvizhena, Nadezhda"]
[Result "1-0"]
[WhiteElo "2384"]
[BlackElo "2206"]
[PlyCount "88"]
[EventDate "2001.04.18"]
[EventType "tourn"]
[EventRounds "11"]
[EventCountry "UKR"]
[SourceTitle "CBM 082 Extra"]
[Source "ChessBase"]
[SourceDate "2001.07.03"]
[SourceVersion "1"]
[SourceVersionDate "2001.07.03"]
[SourceQuality "1"]

1. d4 d5 2. c4 c6 3. Nf3 Nf6 4. Nc3 dxc4 5. a4 Bg4 6. Ne5 Bh5 7. g3 e6 8. Bg2 Bb4 9. 0-0 Nd5 10. Nxc4 Bxc3 11. bxc3 Nxc3 12. Qb3 Nxe2+ 13. Kh1 Nxc1 14. Qxb7 Nb3 15. Qxa8 Nxa1 16. Rxa1 0-0 17. Qxa7 Be2 18. Ne5 f6 19. Nxc6 Nxc6 20. Bxc6 Qd6 21. Qc5 Rd8 22. Bb7 Ba6 23. Bxa6 Qxa6 24. a5 Rd5 25. Qb6 Rd6 26. Qxa6 Rxa6 27. Kg2 Kf7 28. Kf3 Ke7 29. Ke4 Kd6 30. f4 g6 31. g4 Kc6 32. g5 fxg5 33. fxg5 Kd6 34. Ra2 Kc6 35. Ke5 Kb5 36. Rc2 Kb4 37. Rc5 Ka4 38. Kf6 Kb4 39. Kg7 Ra7+ 40. Kg8 Ka4 41. a6 Kb4 42. Rc6 Rd7 43. Rxe6 Kb5 44. Rf6 Rxd4 1-0

[Event "Kharkov Caissa CC-ch"]
[Site "Kharkov"]
[Date "2001.04.18"]
[Round "1"]
[White "Ivanov, Andrey A"]
[Black "Jadvizhena, Nadezhda"]
[Result "1-0"]
[WhiteElo "2297"]
[BlackElo "2206"]
[PlyCount "55"]
[EventDate "2001.04.18"]
[EventType "tourn"]
[EventRounds "11"]
[EventCountry "UKR"]
[SourceTitle "CBM 082 Extra"]
[Source "ChessBase"]
[SourceDate "2001.07.03"]
[SourceVersion "1"]
[SourceVersionDate "2001.07.03"]
[SourceQuality "1"]

1. e4 c5 2. g3 d5 3. exd5 Qxd5 4. Nf3 Bg4 5. Bg2 Nc6 6. 0-0 Qd7 7. d3 Nf6 8. Re1 h5 9. Bg5 0-0-0 10. Nbd2 Nd5 11. Ne4 Qf5 12. h3 Bxf3 13. Bxf3 Nd4 14. Bg2 f6 15. Bd2 e5 16. c3 Nc6 17. Qc2 Qd7 18. a3 Nb6 19. Be3 Qxd3 20. Qxd3 Rxd3 21. Bxc5 f5 22. Bxf8 Rxf8 23. Nc5 Rd2 24. Bxc6 bxc6 25. Rxe5 Rxb2 26. Re7 Rd8 27. Rxa7 Rdd2 28. Re1 1-0

[Event "UKR-ch (Women)"]
[Site "Kramatorsk"]
[Date "2001.04.07"]
[Round "12"]
[White "Baklanova, Tatiana"]
[Black "Jadvizhena, Nadezhda"]
[Result "1-0"]
[WhiteElo "2257"]
[BlackElo "2170"]
[PlyCount "91"]
[EventDate "2001.03.26"]
[EventType "tourn"]
[EventRounds "13"]
[EventCountry "UKR"]
[EventCategory "2"]
[SourceTitle "CBM 081 Extra"]
[Source "ChessBase"]
[SourceDate "2001.05.06"]
[SourceVersion "1"]
[SourceVersionDate "2001.05.06"]
[SourceQuality "1"]

1. c4 c6 2. d4 d5 3. cxd5 cxd5 4. Bf4 Nc6 5. e3 Nf6 6. Bd3 e6 7. Nc3 Be7 8. Rc1 0-0 9. h3 Bd7 10. g4 Qa5 11. Nge2 a6 12. 0-0 b5 13. a3 b4 14. axb4 Nxb4 15. Ra1 Qb6 16. Nc1 Rfc8 17. f3 Ne8 18. Rf2 Nd6 19. Bxd6 Bxd6 20. f4 a5 21. Bb1 a4 22. Qd2 Qc7 23. N1e2 Qc4 24. Rf1 Nc6 25. Bd3 Qb4 26. Qc2 h6 27. Rxa4 Rxa4 28. Qxa4 Qxb2 29. Bb5 Qa3 30. Ra1 Qxa4 31. Rxa4 Be8 32. f5 Kf8 33. Kg2 Ke7 34. Ra6 Nb4 35. Ra7+ Rc7 36. Ra8 Nc6 37. Kf3 Bb4 38. Na4 Ne5+ 39. dxe5 Bxb5 40. Nb6 Bd7 41. Nxd7 Kxd7 42. Rg8 Ke7 43. Rxg7 Kf8 44. Rh7 Kg8 45. Rxh6 Kg7 46. Rh5 1-0

[Event "UKR-ch U20 Girls"]
[Site "Kharkov"]
[Date "1999.??.??"]
[Round "?"]
[White "Dolzhikova, Olga"]
[Black "Jadvizhena, Nadezhda"]
[Result "1/2-1/2"]
[WhiteElo "2213"]
[BlackElo "2085"]
[PlyCount "116"]
[EventDate "1999.06.15"]
[EventType "tourn"]
[EventRounds "9"]
[EventCountry "UKR"]
[SourceTitle "EXT 2002"]
[Source "ChessBase"]
[SourceDate "2001.11.25"]
[SourceVersion "1"]
[SourceVersionDate "2001.11.25"]
[SourceQuality "1"]

1. e4 c5 2. c3 d5 3. exd5 Qxd5 4. d4 Nc6 5. Nf3 Bg4 6. Be2 e6 7. h3 Bh5 8. c4 Qd6 9. d5 Bxf3 10. Bxf3 Nd4 11. 0-0 e5 12. Be3 Be7 13. Nc3 Nf6 14. Bxd4 exd4 15. Nb5 Qd7 16. d6 Bd8 17. Qe2+ Kf8 18. Qe5 Bb6 19. Nc7 Rd8 20. Bxb7 Qxd6 21. Qxd6+ Rxd6 22. Nb5 Rd8 23. a3 g6 24. b4 Kg7 25. Rfe1 Rb8 26. Bf3 Rhd8 27. Re5 Rbc8 28. Bb7 Rb8 29. Bf3 Rbc8 30. Bb7 Rb8 31. Ba6 Re8 32. Rae1 Rxe5 33. Rxe5 Re8 34. Rxe8 Nxe8 35. Kf1 Kf6 36. f4 Kf5 37. g3 Ke4 38. Bb7+ Kd3 39. Bc6 Ng7 40. Nd6 f5 41. g4 Kc3 42. gxf5 gxf5 43. Bd7 cxb4 44. axb4 Kxb4 45. Nxf5 Nh5 46. Ne7 Nxf4 47. Nd5+ Nxd5 48. cxd5 a5 49. Bf5 h6 50. d6 Kc3 51. Ke2 a4 52. d7 a3 53. Be6 Bd8 54. Bf7 Bg5 55. Be6 d3+ 56. Kd1 Kd4 57. Bf7 Ke5 58. Ba2 Ke4 1/2-1/2

[Event "UKR-ch (Women)"]
[Site "Alushta"]
[Date "1999.??.??"]
[Round "?"]
[White "Gritsayeva, Oksana"]
[Black "Jadvizhena, Nadezhda"]
[Result "1/2-1/2"]
[WhiteElo "2200"]
[BlackElo "2085"]
[PlyCount "52"]
[EventDate "1999.09.??"]
[EventType "tourn"]
[EventRounds "9"]
[EventCountry "UKR"]
[SourceTitle "EXT 2002"]
[Source "ChessBase"]
[SourceDate "2001.11.25"]
[SourceVersion "1"]
[SourceVersionDate "2001.11.25"]
[SourceQuality "1"]

1. c4 e5 2. Nc3 Nf6 3. g3 d5 4. cxd5 Nxd5 5. Bg2 Nb6 6. Nf3 Nc6 7. d3 Be7 8. Be3 0-0 9. Qc1 Re8 10. 0-0 Bf8 11. Re1 Nd4 12. Ne4 Bg4 13. Bxd4 exd4 14. Nc5 Rb8 15. h3 Bh5 16. a3 Nd7 17. Nxd7 Qxd7 18. Qg5 Bg6 19. Qf4 c5 20. Ne5 Qd6 21. Nxg6 hxg6 22. Qxd6 Bxd6 23. Bf3 Re7 24. Rec1 b5 25. b3 a5 26. Kf1 Ra7 1/2-1/2

[Event "St Petersburg (Women)"]
[Site "St Petersburg"]
[Date "1999.??.??"]
[Round "5"]
[White "Jadvizhena, Nadezhda"]
[Black "Gassij, Oksana"]
[Result "1-0"]
[WhiteElo "2085"]
[BlackElo "2103"]
[PlyCount "85"]
[EventDate "1999.??.??"]
[EventType "tourn"]
[EventRounds "11"]
[EventCountry "RUS"]
[SourceTitle "EXT 2001"]
[Source "ChessBase"]
[SourceDate "2000.11.22"]
[SourceVersion "1"]
[SourceVersionDate "2000.11.22"]
[SourceQuality "1"]

1. e4 c5 2. Nf3 Nc6 3. d4 cxd4 4. Nxd4 Qc7 5. Be2 a6 6. c4 e6 7. 0-0 Nf6 8. Nc3 Bc5 9. Nb3 Ba7 10. Kh1 h6 11. f4 d6 12. Bd2 0-0 13. Be1 Nd7 14. Bh4 Nc5 15. Nc1 Nd7 16. Nb3 Nc5 17. Nd2 Bd7 18. Nf3 f5 19. exf5 Rxf5 20. Qd2 Raf8 21. Bg3 Bb8 22. Nh4 R5f6 23. Rad1 Qc8 24. a3 Nb3 25. Qd3 Nc5 26. Qb1 e5 27. Nd5 Re6 28. f5 Ree8 29. Bh5 Rd8 30. b4 Na4 31. Qb3 b5 32. cxb5 Kh7 33. bxc6 Bxc6 34. Ne7 Qb7 35. Nxc6 Qxc6 36. Ng6 Rfe8 37. Bh4 Rd7 38. Nf4 Rc8 39. Nd5 Nc3 40. Nxc3 Qxc3 41. Qe6 Rb7 42. Qg6+ Kh8 43. f6 1-0

[Event "St Petersburg (Women)"]
[Site "St Petersburg"]
[Date "1999.??.??"]
[Round "3"]
[White "Jadvizhena, Nadezhda"]
[Black "Sorokina, Anastasia"]
[Result "1/2-1/2"]
[WhiteElo "2085"]
[BlackElo "2181"]
[PlyCount "168"]
[EventDate "1999.??.??"]
[EventType "tourn"]
[EventRounds "11"]
[EventCountry "RUS"]
[SourceTitle "EXT 2001"]
[Source "ChessBase"]
[SourceDate "2000.11.22"]
[SourceVersion "1"]
[SourceVersionDate "2000.11.22"]
[SourceQuality "1"]

1. e4 c5 2. Nf3 e6 3. d4 cxd4 4. Nxd4 Nf6 5. Nc3 Nc6 6. Ndb5 d6 7. Bf4 e5 8. Bg5 a6 9. Na3 b5 10. Bxf6 gxf6 11. Nd5 Bg7 12. c3 f5 13. exf5 Bxf5 14. Nc2 Be6 15. g3 0-0 16. Bg2 Rb8 17. 0-0 f5 18. f4 e4 19. Nce3 b4 20. g4 bxc3 21. bxc3 Ne7 22. Nxe7+ Qxe7 23. gxf5 Bxf5 24. Qd5+ Be6 25. Qxe4 Qf7 26. Qd3 Kh8 27. Rf2 Rbc8 28. Rc1 Qa7 29. Bd5 Bxd5 30. Nxd5 Bd4 31. Rcc2 Rg8+ 32. Kf1 Bxf2 33. Rxf2 Qg7 34. Ke2 Rb8 35. Qd2 Qg4+ 36. Kd3 Rge8 37. Ne3 Qe6 38. Ke2 Qc4+ 39. Kf3 Qe4+ 40. Ke2 Rbc8 41. Qd3 d5 42. Kd2 Rb8 43. Qxe4 dxe4 44. Kc2 Red8 45. Nc4 Rbc8 46. Ne5 Rf8 47. Kd2 e3+ 48. Kxe3 Rxc3+ 49. Ke4 Ra3 50. Kd5 Rf6 51. Nc4 Rd3+ 52. Ke5 Rc6 53. Ke4 Rc3 54. Ne5 Rc2 55. Rf1 Rf6 56. f5 Rxa2 57. Ng4 Rf8 58. h3 Re2+ 59. Kf4 Re7 60. Ra1 Ra7 61. Ra5 Kg7 62. f6+ Rxf6+ 63. Nxf6 Kxf6 64. Ke4 Ke6 65. Kd4 Kd6 66. Kc4 Kc6 67. Kb4 Rb7+ 68. Ka4 Kb6 69. Rh5 Ra7 70. Rh6+ Kc5 71. Ka5 Kd4 72. Kb6 Rg7 73. Rh4+ Ke3 74. Kxa6 Kf3 75. Kb5 Kg3 76. Rh6 Kf4 77. Kc4 Kg5 78. Rd6 Rg6 79. Rd4 Rf6 80. Rg4+ Kh5 81. Kd4 Rf3 82. Ke4 Rxh3 83. Rg1 Rh2 84. Rf1 Kh4 1/2-1/2

[Event "UKR-ch U20 Girls"]
[Site "Kharkov"]
[Date "1999.??.??"]
[Round "?"]
[White "Maiko, Julia"]
[Black "Jadvizhena, Nadezhda"]
[Result "1-0"]
[WhiteElo "2167"]
[BlackElo "2085"]
[PlyCount "77"]
[EventDate "1999.06.15"]
[EventType "tourn"]
[EventRounds "9"]
[EventCountry "UKR"]
[SourceTitle "EXT 2002"]
[Source "ChessBase"]
[SourceDate "2001.11.25"]
[SourceVersion "1"]
[SourceVersionDate "2001.11.25"]
[SourceQuality "1"]

1. e4 c5 2. d4 cxd4 3. c3 Nf6 4. e5 Nd5 5. Qxd4 e6 6. Nf3 Nc6 7. Qe4 f5 8. exf6 Nxf6 9. Qc2 b6 10. Bd3 Bb7 11. Bf4 Qe7 12. Bg3 0-0-0 13. Nbd2 d6 14. 0-0 g6 15. b4 Bh6 16. Rfe1 Nh5 17. Bh4 Nf6 18. a4 Kb8 19. Bc4 Ne5 20. Be2 Nxf3+ 21. Bxf3 Bxd2 22. Qxd2 Bxf3 23. gxf3 Rhf8 24. a5 e5 25. axb6 axb6 26. Ra6 Qb7 27. Rea1 Qxf3 28. Rxb6+ Kc7 29. Raa6 Qg4+ 30. Bg3 Ne4 31. Rc6+ Kd7 32. Qd5 Ke7 33. Rc7+ Kf6 34. Raa7 Ng5 35. h4 Nf3+ 36. Kf1 Nxh4 37. Rf7+ Rxf7 38. Rxf7+ Kg5 39. Qd2+ 1-0

[Event "UKR-ch U20 Girls"]
[Site "Kiev"]
[Date "1998.??.??"]
[Round "?"]
[White "Dubinskaya, Mariana"]
[Black "Jadvizhena, Nadezhda"]
[Result "1/2-1/2"]
[WhiteElo "2090"]
[BlackElo "2030"]
[PlyCount "106"]
[EventDate "1998.??.??"]
[EventType "tourn"]
[EventRounds "11"]
[EventCountry "UKR"]
[SourceTitle "EXT 2002"]
[Source "ChessBase"]
[SourceDate "2001.11.25"]
[SourceVersion "1"]
[SourceVersionDate "2001.11.25"]
[SourceQuality "1"]

1. d4 d5 2. c4 e6 3. Nc3 c6 4. Nf3 Nf6 5. Bg5 h6 6. Bxf6 Qxf6 7. e3 g6 8. a3 a5 9. Bd3 Nd7 10. 0-0 Bg7 11. cxd5 exd5 12. e4 dxe4 13. Nxe4 Qf4 14. g3 Qb8 15. Qc2 0-0 16. Rfe1 Rd8 17. Rac1 Nf8 18. Nc3 Ne6 19. Bc4 b5 20. Ba2 Ra7 21. Ne2 Rd6 22. d5 Nd8 23. Nf4 Bf5 24. Re8+ Kh7 25. Qe2 cxd5 26. Bxd5 Rc7 27. Rxc7 Qxc7 28. Kg2 b4 29. Re7 Rd7 30. Rxd7 Qxd7 31. Ne5 Qe7 32. Nxf7 Qxe2 33. Nxe2 Nxf7 34. Bxf7 Bxb2 35. axb4 axb4 36. Bb3 Kg7 37. Kf3 Kf6 38. Nf4 Ke5 39. Ne2 Kd6 40. Ke3 Bg7 41. Nc1 Kc5 42. Nd3+ Kb5 43. f3 Bf6 44. g4 Bd7 45. Nf2 Bd8 46. Ne4 Be7 47. Kd4 Kb6 48. Ke5 Kc7 49. h3 Kd8 50. f4 Bc6 51. f5 gxf5 52. gxf5 Bxe4 53. Kxe4 Bf6 1/2-1/2

[Event "UKR-ch (Women)"]
[Site "Alushta"]
[Date "1998.??.??"]
[Round "?"]
[White "Elina, Elena"]
[Black "Jadvizhena, Nadezhda"]
[Result "0-1"]
[WhiteElo "2200"]
[BlackElo "2030"]
[PlyCount "132"]
[EventDate "1998.05.??"]
[EventType "swiss"]
[EventRounds "9"]
[EventCountry "UKR"]
[SourceTitle "EXT 2003"]
[Source "ChessBase"]
[SourceDate "2002.11.25"]
[SourceVersion "1"]
[SourceVersionDate "2002.11.25"]
[SourceQuality "1"]

1. d4 d5 2. Bf4 Nf6 3. e3 c6 4. Bd3 Bg4 5. f3 Bh5 6. c4 e6 7. Qb3 Qb6 8. c5 Qxb3 9. axb3 Nbd7 10. b4 Bg6 11. Kd2 Be7 12. Nc3 Nh5 13. Nge2 Bxd3 14. Kxd3 Nxf4+ 15. exf4 0-0 16. b5 cxb5 17. Nxb5 a6 18. Nbc3 Rfd8 19. b4 f6 20. Kc2 Rac8 21. Nc1 Nb8 22. Kb3 Nc6 23. Rd1 Rd7 24. N1e2 Bd8 25. g3 Bc7 26. Ra2 Rcd8 27. Rad2 Kf7 28. Rd3 h6 29. R3d2 g5 30. fxg5 hxg5 31. f4 gxf4 32. Nxf4 Rh8 33. Re1 Bxf4 34. gxf4 Rh4 35. Rf1 Rd8 36. b5 axb5 37. Nxb5 Na5+ 38. Kc2 Nc4 39. Re2 Ra8 40. Rfe1 Ra2+ 41. Kb1 Rxe2 42. Rxe2 Rxf4 43. Nd6+ Nxd6 44. cxd6 Rh4 45. Rb2 e5 46. Rxb7+ Ke6 47. dxe5 fxe5 48. d7 Rh8 49. Kc1 Rd8 50. Kd2 Rxd7 51. Rb6+ Kf5 52. Rh6 Rg7 53. Kd3 Ra7 54. Rh5+ Kf4 55. Rh4+ Kg5 56. Rh8 Ra3+ 57. Kc2 e4 58. Rd8 Rd3 59. Re8 Kf4 60. Rh8 Ke3 61. Rh3+ Ke2 62. Rh4 Rd2+ 63. Kc3 d4+ 64. Kc4 e3 65. Rf4 Ke1 66. h4 e2 0-1

[Event "UKR-ch U20 Girls"]
[Site "Kiev"]
[Date "1998.??.??"]
[Round "?"]
[White "Gritsayeva, Oksana"]
[Black "Jadvizhena, Nadezhda"]
[Result "1/2-1/2"]
[WhiteElo "2150"]
[BlackElo "2030"]
[PlyCount "50"]
[EventDate "1998.??.??"]
[EventType "tourn"]
[EventRounds "11"]
[EventCountry "UKR"]
[SourceTitle "EXT 2002"]
[Source "ChessBase"]
[SourceDate "2001.11.25"]
[SourceVersion "1"]
[SourceVersionDate "2001.11.25"]
[SourceQuality "1"]

1. e4 c5 2. Nf3 d6 3. c3 Nf6 4. e5 dxe5 5. Nxe5 Qd5 6. d4 e6 7. Bb5+ Nbd7 8. Nxd7 Nxd7 9. 0-0 cxd4 10. Be2 Bc5 11. Bf3 Qd6 12. b4 Bb6 13. cxd4 Qxd4 14. Qb3 0-0 15. Bb2 Qf4 16. g3 Qf5 17. Nd2 Qg6 18. Nc4 Bd8 19. Nd6 Be7 20. Rfd1 Nf6 21. Rac1 Nd5 22. Nxc8 Raxc8 23. Bxd5 exd5 24. Rxc8 Rxc8 25. Qxd5 Qb6 1/2-1/2

[Event "UKR-ch U20 Girls"]
[Site "Kiev"]
[Date "1998.??.??"]
[Round "?"]
[White "Jadvizhena, Nadezhda"]
[Black "Sarana Hungeling, Oksana"]
[Result "1-0"]
[WhiteElo "2030"]
[BlackElo "2220"]
[PlyCount "87"]
[EventDate "1998.??.??"]
[EventType "tourn"]
[EventRounds "11"]
[EventCountry "UKR"]
[SourceTitle "EXT 2002"]
[Source "ChessBase"]
[SourceDate "2001.11.25"]
[SourceVersion "1"]
[SourceVersionDate "2001.11.25"]
[SourceQuality "1"]

1. e4 c5 2. Nf3 Nc6 3. d4 cxd4 4. Nxd4 Nf6 5. Nc3 e5 6. Ndb5 d6 7. Bg5 a6 8. Na3 b5 9. Bxf6 gxf6 10. Nd5 Bg7 11. c3 f5 12. exf5 Bxf5 13. Nc2 Ne7 14. Nxe7 Bxc2 15. Qxc2 Qxe7 16. a4 0-0 17. Rd1 Rab8 18. axb5 axb5 19. Be2 e4 20. 0-0 f5 21. f4 Kh8 22. Rd5 b4 23. cxb4 Rxb4 24. b3 Rd4 25. Rd1 Rxd1+ 26. Rxd1 Ra8 27. Qc6 Ra2 28. Bc4 Bf8 29. Qd5 Qa7+ 30. Kh1 Qg7 31. Rg1 e3 32. Qe6 Ra1 33. Qxe3 h6 34. h3 Rxg1+ 35. Kxg1 Qf6 36. Qd3 Bg7 37. Kh1 Qa1+ 38. Kh2 Qf6 39. Qd5 Qf8 40. b4 Bc3 41. b5 Be1 42. b6 Bf2 43. b7 Ba7 44. Qe6 1-0

[Event "UKR-ch U20 Girls"]
[Site "Kiev"]
[Date "1998.??.??"]
[Round "?"]
[White "Kalinina, Vladislava"]
[Black "Jadvizhena, Nadezhda"]
[Result "0-1"]
[WhiteElo "2185"]
[BlackElo "2030"]
[PlyCount "112"]
[EventDate "1998.??.??"]
[EventType "tourn"]
[EventRounds "11"]
[EventCountry "UKR"]
[SourceTitle "EXT 2002"]
[Source "ChessBase"]
[SourceDate "2001.11.25"]
[SourceVersion "1"]
[SourceVersionDate "2001.11.25"]
[SourceQuality "1"]

1. e4 c5 2. Nf3 d6 3. d4 cxd4 4. Nxd4 Nf6 5. Nc3 a6 6. Be2 e5 7. Nb3 Be7 8. f4 b5 9. Bf3 Bb7 10. a3 Nbd7 11. 0-0 0-0 12. Qe1 Re8 13. Qg3 Bf8 14. f5 d5 15. Nxd5 Nxd5 16. exd5 e4 17. Bg4 Nf6 18. Be3 Nxd5 19. Rad1 Qb8 20. Qh3 Nxe3 21. Qxe3 Qe5 22. f6 g6 23. c3 Red8 24. Nd4 Rd6 25. Qf2 Bh6 26. Rde1 e3 27. Qg3 Qxg3 28. hxg3 Re8 29. Bf3 Bc8 30. Bc6 Re5 31. Ba8 e2 32. Rxe2 Be3+ 33. Rxe3 Rxe3 34. a4 Bd7 35. axb5 axb5 36. g4 h6 37. Bb7 Bxg4 38. Bc6 Re5 39. Ra1 b4 40. Ra8+ Kh7 41. Ra7 Rxf6 42. Ba4 bxc3 43. bxc3 Rc5 44. Bb3 Kg7 45. c4 Rf4 46. Nb5 Be2 47. Nd6 Rh5 48. g3 Rf3 49. Ba2 Rf1+ 50. Kg2 Rhh1 51. Rxf7+ Rxf7 52. Kxh1 Ra7 53. Bb3 Ra3 54. Bc2 Rxg3 55. Ne4 Bf3+ 56. Kh2 Rg5 0-1

[Event "UKR-ch U20 Girls"]
[Site "Kiev"]
[Date "1998.??.??"]
[Round "?"]
[White "Straub, Natalia"]
[Black "Jadvizhena, Nadezhda"]
[Result "1-0"]
[WhiteElo "2320"]
[BlackElo "2030"]
[PlyCount "67"]
[EventDate "1998.??.??"]
[EventType "tourn"]
[EventRounds "11"]
[EventCountry "UKR"]
[SourceTitle "EXT 2002"]
[Source "ChessBase"]
[SourceDate "2001.11.25"]
[SourceVersion "1"]
[SourceVersionDate "2001.11.25"]
[SourceQuality "1"]

1. d4 d5 2. c4 e6 3. Nf3 c6 4. Qc2 f5 5. g3 Nf6 6. Bg2 Be7 7. 0-0 0-0 8. b3 Ne4 9. Ne5 Nd7 10. Nd3 Qe8 11. Nd2 Nxd2 12. Bxd2 Kh8 13. Bf4 Bf6 14. Be5 Rf7 15. f3 Nxe5 16. dxe5 Bd8 17. e4 b6 18. exd5 cxd5 19. cxd5 exd5 20. Rfe1 Rc7 21. Qd2 Bb7 22. Rac1 Rac8 23. Rxc7 Rxc7 24. Qf4 Qf8 25. Bh3 g6 26. e6 Re7 27. Qb8 Qe8 28. Ne5 Kg7 29. Rc1 b5 30. Qxa7 Bc8 31. Qd4 Rc7 32. Rxc7+ Bxc7 33. Ng4+ Kf8 34. Qf6+ 1-0